000 00410cam a22001337a 4500
008 180718b1993 xxu||||| |||| 00| 0 eng d
082 _aT39x54 In2/1993
245 _aThird report - draft Dunkel proposals
260 _aNew Delhi
_bRajya Sabha Secretariat
_c1993
300 _a147p.
500 _aChairman: Inder Kumar Gujral
650 _aInternational trade - India
700 _aGujral, Inder Kumar (Chairman)
999 _c480789
_d480789